000 00193nam a22001097a 4500
041 _aeng
080 _a80
100 _aDubisz, S.
245 _aJezyk i My1
650 _aPolish
999 _c278023
_d278023
942 _cBK